Football Teams Medhi Benatia Played For - Statistics

General Stats
  • This quiz has been taken 11 times
  • The average score is 4 of 10
Answer Stats
League Years Team % Correct
Germany 2014-2016 FC Bayern München
89%
Italy 2016-2019 Juventus FC
78%
Italy 2013-2014 AS Roma
56%
France 2004-2006 Olympique de Marseille B
44%
Qatar 2019-2021 Al-Duhail SC
22%
France 2008-2010 Clermont Foot 63
22%
Turkey 2021 Fatih Karagümrük SK
22%
France 2007-2008 FC Lorient
22%
France 2006-2007 Tours FC
22%
Italy 2010-2013 Udinese Calcio
22%
No matching quizzes found
Score Distribution
Percent of People with Each Score
Percentile by Number Answered
Your Score History
You have not taken this quiz